000 00983nam a2200277 i 4500
001 bg
245 0 0 _aMetody matematyczne, statystyczne i informatyczne w finansach i ubezpieczeniach /
_cred. Piotr Chrzan, Janusz Szopa.
260 _aCzęstochowa :
_bWydaw. Wydziału Zarządzania Politechniki Częstochowskiej,
_c2003.
300 _a128 s. :
_bil. ;
_c24 cm.
504 _aBibliogr. przy art.
650 9 _aFinanse
_xkomputeryzacja
650 9 _aUbezpieczenia
_xkomputeryzacja
650 9 _aModele matematyczne
_xstosowanie
_xfinanse
650 9 _aModele matematyczne
_xstosowanie
_xubezpieczenia
650 9 _aStatystyka
_xstosowanie
_xfinanse
650 9 _aStatystyka
_xstosowanie
_xubezpieczenia
700 1 _aCHRZAN, Piotr.
_eRed.
700 1 _aSZOPA, Janusz
_d(1948- ).
_eRed.
020 _a8388469266
040 _cBPK
041 0 _apol
080 _a336.76:368.03:004:519.2:311
920 _a83-88469-26-6
942 _cKS
008 s pl f |000 0 pol
999 _c43979
_d43979
856 _uhttp://koha.tu.koszalin.pl/cgi-bin/koha/opac-detail.pl?biblionumber=43979
_yKatalog online BPK